A los prn̕cipes republicanos gobernanza y desarrollo desde el republicanismo cv̕ico /

Detalles Bibliográficos
Autor Corporativo: Instituto Nacional de Administracin̤ Pb︢lica (Espanya)
Otros Autores: Prats Catal,̉ Joan, 1942-2010 (coord.)
Formato: Libro
Lenguaje:español
Publicado: Madrid : Instituto Nacional de Administracin̤ Pb︢lica, 2006
Colección:Gobernabilidad y desarrollo ; 3
Materias:
Acceso en línea:Acceso restringido

MARC

LEADER 00000nam a2200000 a 4500
005 20110708104447.0
007 cr |||||||||||
008 110623s2006 sp |||||| 000 ||spa|c
020 |a 9788470887727 
035 |a 5551 
040 |d vLex 
090 |c 2191  |d 2191 
245 0 0 |a A los prn̕cipes republicanos  |h [Recurso electrn̤ico] :  |b gobernanza y desarrollo desde el republicanismo cv̕ico /  |c Joan Prats i Catal,̉ coordinador 
256 |a Servicio en ln̕ea. 
260 |a Madrid :  |b Instituto Nacional de Administracin̤ Pb︢lica,  |c 2006 
300 |a 1 recurso electrn̤ico (752 p.) 
500 |a Descripcin̤ del recurso: 23 junio 2011 
506 1 |a Contenido solo disponible en los productos indicados  |d vLex Global  |d vLex Global (Academic Edition, excluding Law Schools)  |d vLex Global (U.S. Academic Edition, Law Schools)  |d vLex Global (U.S. Academic Edition, excluding Law Schools)  |d vLex Global (Academic Edition, Law Schools) 
650 0 7 |a Administracin̤ pb︢lica  |2 Tesauro vLex 
650 0 7 |a Administracin̤ General del Estado  |2 Tesauro vLex 
650 0 7 |a Gobierno  |2 Tesauro vLex 
650 0 7 |a Jefatura del Estado  |2 Tesauro vLex 
650 0 7 |2 Tesauro vLex  |a Prn̕cipe heredero 
700 1 |a Prats Catal,̉ Joan,  |d 1942-2010,  |e coord. 
710 2 |a Instituto Nacional de Administracin̤ Pb︢lica (Espanya) 
740 0 |a vLex Libros (Servicio en ln̕ea) 
830 0 |a Gobernabilidad y desarrollo ;  |v 3 
856 4 0 |z Acceso restringido  |u http://vlex.com/source/principes-republicanos-gobernanza-desarrollo-republicanismo-civico-5551 
942 |c BOOK